Auditor's Risk Assessment of Material Misstatement in the Context of Compliance with the Overall Strategy
Posúdenie rizika audítora pri významnej nesprávnosti údajov v materiáloch na úrovni finančných výkazov.
Salvato in:
| Autore principale: | |
|---|---|
| Altri autori: | |
| Natura: | Capitolo di libro |
| Lingua: | inglese |
| Soggetti: | |
| Tags: |
Nessun Tag, puoi essere il primo ad aggiungerne!!
|
MARC
| LEADER | 00000naa$a2200000$$$4500 | ||
|---|---|---|---|
| 001 | 0248310 | ||
| 005 | 20240502083704.7 | ||
| 041 | 0 | |a eng | |
| 044 | |a CZ | ||
| 245 | 1 | 0 | |a Auditor's Risk Assessment of Material Misstatement in the Context of Compliance with the Overall Strategy |c Ladislav Kareš, Denisa Domaracká |
| 520 | |a Posúdenie rizika audítora pri významnej nesprávnosti údajov v materiáloch na úrovni finančných výkazov. | ||
| 610 | 2 | 0 | |a audit |
| 610 | 2 | 0 | |a audit finančný |
| 610 | 2 | 0 | |a audítorstvo |
| 610 | 2 | 0 | |a Slovensko |
| 610 | 2 | 0 | |a riziko |
| 610 | 2 | 0 | |a riziko bezpečnostné |
| 610 | 2 | 0 | |a účtovníctvo |
| 100 | 1 | |a Kareš, Ladislav | |
| 700 | 1 | |a Domaracká, Denisa | |